00351nam a2200121 a 4500008004100000050002000041100001700061245002500078246006100103260004000164300001600204350000900220120416s1974 ||||||||||||||||| || u aHG 4028.C45 Sla aSlater, S. D14aThe strategy of cash aa liquidity approach to maximizing the company's profits aNew YorkbJohn Wiley and Sonsc1974 axvii, 392p. a0.00